Les villes de France de droite - Statistiques

Statistiques générales
  • Ce quiz a été pris 265 fois
  • Le résultat moyen est 14 sur 22
Statistiques - réponses
Région Ville % Correct
Provence-Alpes-Côte d'Azur Nice
91%
Provence-Alpes-Côte d'Azur Marseille
84%
Nouvelle-Aquitaine Bordeaux
81%
Occitanie Toulouse
80%
Normandie Caen
73%
Grand Est Nancy
73%
Provence-Alpes-Côte d'Azur Toulon
72%
Normandie Le Havre
71%
Centre-Val de Loire Orléans
68%
Centre-Val de Loire Tours
66%
Hauts-de-France Amiens
65%
Pays de la Loire Angers
65%
Grand Est Reims
61%
Auvergne-Rhône-Alpes Saint-Etienne
61%
Provence-Alpes-Côte d'Azur Aix-en-Provence
60%
Occitanie Perpignan
60%
Occitanie Nîmes
57%
Grand Est Mulhouse
55%
Nouvelle-Aquitaine Limoges
45%
Île-de-France Boulogne-Billancourt
44%
La Réunion Saint-Paul
34%
Île-de-France Argenteuil
29%
Aucun quiz correspondant
Distribution des résultats
% des personnes avec chaque résultat
Percentile par nombre de réponses
Votre historique - résultats
Vous n’avez pas pris ce quiz